| 000 | 00980nam a2200265Ia 4500 | ||
|---|---|---|---|
| 003 | OSt | ||
| 005 | 20220930092833.0 | ||
| 006 | a|||||r|||| 00| 0 | ||
| 007 | ta | ||
| 008 | 220926b |||||||| |||| 00| 0 eng d | ||
| 024 | _a25185 | ||
| 037 | _cTheses | ||
| 040 |
_aCRL _cCRL _beng |
||
| 041 |
_2eng _aeng |
||
| 100 |
_aLaura V. L. Biakthangi _9549808 |
||
| 110 |
_aUniversity OF Delhi. Faculty OF Medical Scieces. Department OF Ophthalmology _9549809 |
||
| 245 | 0 | _aEvaluation of intravitreal bevacizumab as monotherapy and in comination with macular grid laser photocoagulation in diffuse diabetic macular edema | |
| 260 | _c2014 | ||
| 650 |
_aEYE - DISEASES _9197938 |
||
| 700 |
_a Dr. G. K. Das Gu. _9537113 |
||
| 700 |
_a Dr. P. P. Sahu Gu. _9549810 |
||
| 700 |
_aUniversity OF Delhi. Faculty OF Medical Scieces. Department OF Ophthalmology _9549811 |
||
| 942 |
_cDIS _2CC |
||
| 999 |
_c884365 _d884365 |
||